| 000 | 00553nam a22001937a 4500 | ||
|---|---|---|---|
| 005 | 20260317150704.0 | ||
| 010 | _aENG-147889 | ||
| 020 |
_a9789380036281 _c300.00 |
||
| 035 | _aEN-131421 | ||
| 037 | _bDBAD | ||
| 082 |
_a338.15 _21 |
||
| 100 |
_aDeb, Srikumar _988558 |
||
| 245 |
_aProblems And Policies Of Bengal Government/ _cSrikumar Deb |
||
| 250 | _a1 | ||
| 260 |
_aKolkata-9 _bMitram _c2011 |
||
| 270 |
_a37A, College Street Kolkata-73 _bKolkata _e700 073 |
||
| 300 |
_a331p. _c22cm(pb) |
||
| 942 |
_2ddc _cEN _h338.15 _mDEB _e1 |
||
| 999 |
_c215586 _d215586 |
||